000 01540nam a2200313 i 4500
003 EG-GICUC
005 20260129054509.0
008 260129s1982 ua ||||fr|||| 00| 0 ara d
040 _a EG-GICUC
_bara
_c EG-GICUC
_d EG-GICUC
_erda
041 0 _aara
082 0 4 _221
_a345
_bم ا . ق
092 0 4 _221
099 _aLaw1 07 345 م ا . ق 1982
100 0 _aماجد راغب الحلو
_eمؤلف.
245 1 2 _aالقانون الإداري /
_cدكتور ماجد راغب الحلو.
264 3 _aالإسكندرية :
_bدار المطبوعات والمعرفة الجامعية،
_c1982.
300 _a607 ؛ صفحة
_c24 سم.
_bإيضاحيات، صور، مثيليات ؛
336 _2rda content
_atext
337 _2rda media
_aComputer
338 _2rda carrier
_aOnline Resource
504 _a. 240-220 ببليوجرافيا: صفحات.
505 _aذاتية القانون الادارى - المركزية واللامركزية - الأموال العامة الموظف العام - المرافق العامة - الضبط الإدارى القرار الإدارى - العقد الإدارى - السلطة التقديرية التنفيذ المباشر - نزع الملكية للمنفعة العامة
546 _aالنص أغلبه باللغة العربية مع بعض النصوص الفرنسية
650 1 4 _aالقانون الإداري
_2qrmak
651 1 _2qrmak
856 4 0 _uhttps://fll.law.cu.edu.eg/fulltext/bks/B07-02688.pdf
905 _a77
942 _2ddc
_cBK
_e21
_n0
999 _c60038
_d60038